Normal view
MARC view
Entry Chronological Term
001 - CONTROL NUMBER
- control field: 36271
003 - CONTROL NUMBER IDENTIFIER
- control field: ARRUPE
005 - DATE AND TIME OF LATEST TRANSACTION
- control field: 20170926142509.0
008 - FIXED-LENGTH DATA ELEMENTS
- fixed length control field: 170926|| aca||aabn | a|a d
040 ## - CATALOGING SOURCE
- Original cataloging agency: ARRUPE
- Transcribing agency: ARRUPE
148 ## - HEADING--CHRONOLOGICAL TERM
- Chronological term: Geschichte 1800-1900.
670 ## - SOURCE DATA FOUND
- Source citation: Work cat.: (ARRUPE)0: Foster, R. F. (Robert Fitzroy), 1949- 36267, Words alone :, 2011.